September 25th: Birthdays - Statistics

General Stats
  • This quiz has been taken 5 times
  • The average score is 6 of 13
Answer Stats
Year Clue Answer % Correct
1968 Actor in Aladdin Will Smith
100%
1952 Actor in Superman Christopher Reeve
80%
1983 Actor in Atlanta Donald Glover
80%
1951 Actor in Star Wars Mark Hamill
80%
1929 1st female nightly network news Barbara Walters
60%
1969 Actor in Chicago Catherine Zeta-Jones
60%
1906 Composed The Gadfly Dmitri Shostakovich
20%
1915 Soviet Spy Ethel Rosenberg
20%
1764 Led the mutiny on the HMS Bounty Fletcher Christian
20%
1944 Actor in Coma Michael Douglas
20%
1897 Won Nobel 1949 William Faulkner
20%
1694 British Prime Minister Henry Pelham
0%
1921 New Zealand Prime Minister Robert Muldoon
0%
No matching quizzes found
Score Distribution
Percent of People with Each Score
Percentile by Number Answered
Your Score History
You have not taken this quiz